| 000 | 00672cam a2200193 4500 | ||
|---|---|---|---|
| 001 | WS124011 | ||
| 008 | 031024n 000 0 eng u | ||
| 035 | _a(Sirsi) u124011 | ||
| 110 |
_aBritish Paralympic Association _94539 |
||
| 245 | _aBritish Paralympic Association | ||
| 520 | _aWeb site for this organisation which sends competitors to the Paralympic Games. Includes details of upcoming events. | ||
| 650 | _aPARALYMPIC GAMES | ||
| 650 | _aOLYMPIC GAMES | ||
| 650 | _aSPORT | ||
| 650 | _aORGANISATION | ||
| 690 | _aLEISURE AND RECREATION | ||
| 856 | 4 | 0 |
_uhttps://www.paralympics.org.uk _zView the website free of charge at www.paralympics.org.uk... |
| 942 | _n0 | ||
| 999 |
_c120344 _d120344 |
||